书目信息 |
| 题名: |
共青团工作理论
|
|
| 作者: | ;中央团校青年工作教研室 编 | |
| 分册: | ||
| 出版信息: | 北京 中国青年出版社 1985 |
|
| 页数: | 470页 | |
| 开本: | 20cm | |
| 丛书名: | ||
| 单 册: | ||
| 中图分类: | D290 | |
| 科图分类: | ||
| 主题词: | 中国共产主义青年团--团的建设--理论 | |
| 电子资源: | ||
| ISBN: | ||
| 000 | 00704nam0 2200229 45 | |
| 001 | 0185000652 | |
| 005 | 20050630084538.2 | |
| 010 | @dCNY1.50 | |
| 091 | @a3009.245 | |
| 100 | @a19900823d1985 em y0chiy0121 ea | |
| 101 | 0 | @achi |
| 102 | @aCN@b110000 | |
| 105 | @ay z 000yy | |
| 200 | 10 | @a共青团工作理论@Agong qing tuan gong zuo li lun@f中央团校青年工作教研室编@FZhong Yang Tuan Xiao Qing Nian Gong Zuo Jiao Yan Shi Bian |
| 210 | @a北京@c中国青年出版社@d1985 | |
| 215 | @a470页@d20cm | |
| 606 | @a中国共产主义青年团@x团的建设@x理论 | |
| 690 | @aD290@v3 | |
| 711 | 02 | @a中央团校青年工作教研室@4编 |
| 801 | 0 | @aCN@b深圳图书馆@c20040424 |
| 801 | 2 | @aCN@bNLC@c20040424 |
| 905 | @dD290@e9@f1@b124582 | |
| 共青团工作理论/中央团校青年工作教研室编.-北京:中国青年出版社,1985 |
| 470页;20cm |
| ISBN :CNY1.50 |
| ● |
| 相关链接 |
|
|
|
|
正题名:共青团工作理论
索取号:D290/9
 
预约/预借
| 序号 | 登录号 | 条形码 | 馆藏地/架位号 | 状态 | 备注 |
| 1 | 0124578 | 001672782 | 密集书库/ [索取号:D290/9] | 在馆 | |
| 2 | 0124581 | 000380885 | 第一借阅区/ [索取号:D290/9] | 在馆 | |
| 3 | 0124582 | 002052325 | 第一样本阅览室/ [索取号:D290/9] | 在馆 |